000
00319nam a2200145Ia 4500
100
_a
Walton/John /A
650
_a
General
942
_c
BK
654
_a
Woodwork
245
_a
Woodwork in Theory & Practice
260
_b
Australasoan Publishing & Co
_c
2001
082
_a
684.08
300
_a
318
546
_a
ENGLISH
999
_c
23819
_d
23819